| 000 | 00472nam a22001577a 4500 | ||
|---|---|---|---|
| 005 | 20231121142114.0 | ||
| 008 | 231121b |||||||| |||| 00| 0 eng d | ||
| 041 | _aEnglish | ||
| 082 | _a342 REP | ||
| 100 | _lEnglish | ||
| 245 | _aReport of the Office of the Attorney-General for the period of 21st March 1995 - 31st March 1997 | ||
| 260 | _c1997 | ||
| 300 |
_b33 pages ; _c30,4 cm. |
||
| 650 |
_aLegal practice _bLaw |
||
| 942 |
_cBK _6ALISON_BN_VRIES |
||
| 999 |
_c851 _d851 |
||